Analysis of Wigner energy release process in graphite stack of shut-down uranium-graphite reactor; IOP Conference Series: Materials Science and Engineering; Vol. 93: Modern Technique and Technologies (MTT'2015)
| Parent link: | IOP Conference Series: Materials Science and Engineering Vol. 93: Modern Technique and Technologies (MTT'2015).— 2015.— [012065, 5 p.] |
|---|---|
| Autor principal: | |
| Autor corporatiu: | |
| Altres autors: | , |
| Sumari: | Title screen Data, which finding during thermal differential analysis of sampled irradiated graphite are presented. Results of computational modeling of Winger energy release process from irradiated graphite staking are demonstrated. It's shown, that spontaneous combustion of graphite possible only in adiabatic case. Режим доступа: по договору с организацией-держателем ресурса |
| Idioma: | anglès |
| Publicat: |
2015
|
| Col·lecció: | Physical methods in science and engineering |
| Matèries: | |
| Accés en línia: | http://dx.doi.org/10.1088/1757-899X/93/1/012065 http://earchive.tpu.ru/handle/11683/20079 |
| Format: | MixedMaterials Electrònic Capítol de llibre |
| KOHA link: | https://koha.lib.tpu.ru/cgi-bin/koha/opac-detail.pl?biblionumber=644563 |
MARC
| LEADER | 00000nla2a2200000 4500 | ||
|---|---|---|---|
| 001 | 644563 | ||
| 005 | 20241016153126.0 | ||
| 035 | |a (RuTPU)RU\TPU\network\9644 | ||
| 035 | |a RU\TPU\network\9640 | ||
| 090 | |a 644563 | ||
| 100 | |a 20151120a2015 k y0engy50 ba | ||
| 101 | 0 | |a eng | |
| 105 | |a a z 101zy | ||
| 135 | |a drgn ---uucaa | ||
| 181 | 0 | |a i | |
| 182 | 0 | |a b | |
| 200 | 1 | |a Analysis of Wigner energy release process in graphite stack of shut-down uranium-graphite reactor |f E. V. Bespala, A. O. Pavliuk, S. G. Kotlyarevskiy | |
| 203 | |a Text |c electronic | ||
| 225 | 1 | |a Physical methods in science and engineering | |
| 300 | |a Title screen | ||
| 320 | |a [References: 6 tit.] | ||
| 330 | |a Data, which finding during thermal differential analysis of sampled irradiated graphite are presented. Results of computational modeling of Winger energy release process from irradiated graphite staking are demonstrated. It's shown, that spontaneous combustion of graphite possible only in adiabatic case. | ||
| 333 | |a Режим доступа: по договору с организацией-держателем ресурса | ||
| 461 | 0 | |0 (RuTPU)RU\TPU\network\2008 |t IOP Conference Series: Materials Science and Engineering | |
| 463 | 0 | |0 (RuTPU)RU\TPU\network\9450 |t Vol. 93: Modern Technique and Technologies (MTT'2015) |o 21th International Conference for Students and Young Scientists, 5-9 October 2015, Tomsk |o [proceedings] |v [012065, 5 p.] |d 2015 | |
| 610 | 1 | |a электронный ресурс | |
| 610 | 1 | |a труды учёных ТПУ | |
| 610 | 1 | |a высвобождение | |
| 610 | 1 | |a энергия | |
| 610 | 1 | |a графитовые кладки | |
| 610 | 1 | |a уран-графитовые реакторы | |
| 610 | 1 | |a облучение | |
| 610 | 1 | |a самовозгорание | |
| 700 | 1 | |a Bespala |b E. V. |c engineer-physicist |c Associate Professor of Tomsk Polytechnic University, Candidate of Physical and Mathematical Sciences |f 1990- |g Evgeniy (Evgeny) Vladimirovich |y Tomsk |9 88593 | |
| 701 | 1 | |a Pavlyuk (Pavliuk) |b A. O. |c specialist in the field of nuclear technologies |c Head of the Project Office of the Tomsk Polytechnic University, Candidate of Physical and Mathematical Sciences |f 1976- |g Aleksander Olegovich |y Tomsk |9 23058 | |
| 701 | 1 | |a Kotlyarevskiy |b S. G. | |
| 712 | 0 | 2 | |a Национальный исследовательский Томский политехнический университет (ТПУ) |c (2009- ) |3 (RuTPU)RU\TPU\col\15902 |
| 801 | 2 | |a RU |b 63413507 |c 20161122 |g RCR | |
| 856 | 4 | 0 | |u http://dx.doi.org/10.1088/1757-899X/93/1/012065 |
| 856 | 4 | 0 | |u http://earchive.tpu.ru/handle/11683/20079 |
| 942 | |c CF | ||